Statistics for Things that are certain colours

Click here to take the quiz!

General Stats

  • This quiz has been taken 101 times
  • The average score is 7 of 10

Answer Stats

QuestionAnswer% Correct
Which of these things is green?grass
99%
Which of these things is white?polar bear
96%
Which of these things is violet?the bottom of a single rainbow
88%
Which of these things is yellow?a banana in its prime
84%
Which of these things is black?piece of coal
70%
Which of these things is red?a stop traffic light
59%
Which of these things is black?7-point snooker ball
56%
Which of these things is gold?gold
56%
Which of these things is blue?blue whale
48%
Which of these things is orange?light from the star Betelgeuse
21%

Score Distribution

Percentile by Number Answered

Percent of People with Each Score

Your Score History

You have not taken this quiz